[Event "Aurangabad MyBrain op 1st"]
[Site "Aurangabad"]
[Date "2018.04.28"]
[Round "1"]
[White "Kotkar, Suhas"]
[Black "Shashikant, Kutwal"]
[Result "0-1"]
[WhiteElo "1047"]
[BlackElo "2308"]
[PlyCount "94"]
[EventDate "2018.04.28"]
[EventType "swiss (rapid)"]
[EventRounds "9"]
[EventCountry "IND"]
[SourceTitle "CBM 184 Extra"]
[Source "ChessBase"]
[SourceDate "2018.06.28"]
[SourceVersion "1"]
[SourceVersionDate "2018.06.28"]
[SourceQuality "1"]

1. d4 Nf6 2. Nf3 g6 3. e3 Bg7 4. Nc3 0-0 5. Be2 d6 6. 0-0 c5 7. dxc5 dxc5 8. Qxd8 Rxd8 9. Rd1 Rxd1+ 10. Bxd1 Nc6 11. Bd2 Bf5 12. Nh4 Be6 13. Be2 g5 14. Nf3 h6 15. Bd3 Rd8 16. a3 c4 17. Be2 g4 18. Nd4 Nxd4 19. exd4 Rxd4 20. Be3 Rd7 21. Bxa7 Rd2 22. Be3 Rxc2 23. Bc1 Nd5 24. Bd1 Rxc3 25. bxc3 Nxc3 26. Bb2 Ne2+ 27. Bxe2 Bxb2 28. Rb1 c3 29. Bd3 Ba2 30. Re1 e6 31. a4 b6 32. Bc2 f5 33. g3 Bd5 34. Kf1 Bc4+ 35. Kg2 Kf7 36. f3 Bd5 37. Kf2 gxf3 38. Rb1 Be4 39. Bxe4 fxe4 40. Ke3 c2 41. Rxb2 c1Q+ 42. Rd2 f2 43. Kxf2 Qxd2+ 44. Kf1 e3 45. Kg1 Qf2+ 46. Kh1 e2 47. a5 Qf1# 0-1